Košice bez zelene ! Rozdeľuj a panuj - ak máš vôbec z čoho

Bibliographic Details
Main Author: Pitlanič, Miro (Author)
Format: Article
Language:Slovak
Subjects:

MARC

LEADER 00000nab a2200000 a 4500
001 vtls000918012
003 SK-MaSNL
005 20260303034140.0
008 040720e19930729xo 0 slo
035 |a KE26889 
040 |a KEVKJB  |b slo  |c KEVKJB  |e AACR2 
041 0 |a slo 
044 |a xo  |c SK 
080 |a 712.25  |2 1981 
100 1 |a Pitlanič, Miro  |4 aut  |9 1017961 
245 1 0 |a Košice bez zelene !  |b Rozdeľuj a panuj - ak máš vôbec z čoho 
650 0 7 |a mestská zeleň  |2 KEVKJB  |9 2940 
650 0 7 |a stav súčasný kritický  |2 KEVKJB  |9 1017942 
650 0 7 |a opatrenia  |2 KEVKJB  |9 373813 
651 7 |a Košice (Slovensko)  |2 KEVKJB  |9 18694 
651 7 |a KE,  |2 KEVKJB  |9 877256 
655 7 |a periodikum  |2 snkbucl  |9 29553 
773 0 8 |t Lúč  |g Roč. 2, č.174, 29.7.1993, s. 4 
852 |a ZVYKNI  |b KIS3GCP 
999 |c 1672521  |d 1674451